LEADER 01019nam a2200229 i 4500 001 000000156043 003 CaOOAMICUS 005 20061221000000.0 008 061221s2006 it u000 u ita u 013 $a133397 040 $aSeMil$bita 245 10$aDaniele Crespi :$bun grande pittore del Seicento lombardo /$cA cura di Andrea Spiriti. 260 $aCinisello Balsamo :$bSilvana Editoriale,$c(Stampa 2006) 300 $a358 p. :$briccamente ill. ;$c24x23 cm. 500 $aMostra tenutasi a Busto Arsizio, 29 aprile-25 giugno 2006. - Dono del Card. Dionigi Tettamanzi. 700 1 $aSpiriti, Andrea,$d<1965- >.$0(OLS)http://semarc/name/43823 850 $aSeMil 852 $aSeMil$W1$xVenegono$y1$m5M IX 94$j107845$B107845$CSeMilBibl$Z2$F118943 $8I 941 1 $a5 961 $aOmaggio: Tettamanzi Card. Dionigi 996 $6245$aDaniele Crespi :$bun grande pittore del Seicento lombardo$9(OLS)http://semarc/title/228654 996 $6260$aCinisello Balsamo :$bSilvana Editoriale$9(OLS)http://semarc/publisher/34608 LEADER 00870nam a2200217 i 4500 001 000000033875 003 CaOOAMICUS 005 20140829000000.0 008 140829s1981 it u000 u ita u 040 $aSeMil$bita 100 1 $aTesta, Emmanuele,$c.$0(OLS)http://semarc/name/4878 245 13$aLa morale dell'Antico Testamento /$cEmmanuele Testa. 260 $aBrescia :$bMorcelliana,$ccopyr. 1981. 300 $a378 p. ;$c24 cm. 500 $aContiene : Bibliografia ragionata. 650 4$aBibbia - Morale - AT.$0(OLS)http://semarc/subject/5390 850 $aSeMil 852 $aSeMil$W1$xVenegono$y1$m2Z IV 252$j30$B30$CSeMilBibl$Z2$F30 $81 961 $aAcquisto: Centro Vendite Curia 996 $6245$aLa morale dell'Antico Testamento$9(OLS)http://semarc/title/45474 996 $6260$aBrescia :$bMorcelliana$9(OLS)http://semarc/publisher/29629